000 01292nam a2200337 a 4500
999 _c429397
_d429397
003 BLK
005 20250708162924.0
008 210820b bul|||||r ||||||| ||bul||
010 _aKNG00213816000
020 _a9786197581102
040 _aBLK
041 _aBUL
_cBUL
080 _aАмериканска литература (на САЩ)
_b821.111(73)
_x-31
_z821.111(73)-31
100 _9462924
_aНович, Сара
_eпърви автор
139 _aНович, Сара
_bН 86
240 _aGirl at war
245 1 0 _aМомиче на война
_bРоман
_cСара Нович ; прев. от англ. Василена Мирчева
257 _aUSA
260 _aСофия
_bЛемур Букс
_c2021
_fКостинброд : Мултипринт
_9433619
300 _a260 с.
_c21 см
380 _aX
500 _aОриг. загл.: Girl at war / Sara Nović. - За авт.: с. 259
600 0 _9462924
_aНович, Сара
700 _aМирчева, Василена Красимирова
_eпрев. от англ.
_9383787
852 _bП
_c821-31/Н 86 С
852 _aЦб
_bЦб
942 _cKNG
_n0
_s1
_036
944 _aCR
_c2021-08-20
_k30531
_lЦветелина Шанова
944 _aED
_c2022-02-08
_kСТ
999 _d429397